000 00819cab a2200241 4500
001 WB3018-20
008 090401t1994 xxu||||| |||| 00| 0 eng d
035 _a(Sirsi) u47200
041 _aeng
245 _aNew style shops
260 _c1994
350 _a0
490 _aSunday Telegraph
_v8 May 1994, (City and Business)(1)
490 _aDaily Telegraph
_v9 May 1994, 16(2)
520 _aA report from Corporate Intelligence Research, `The Future for factory outlet centres in the UK`, predicts a increase in factory shopping centres over the next two years.
650 _aFACTORY OUTLET SHOPPING VILLAGES
650 _aFACTORY SHOPPING MALL
650 _aFACTORY SHOPPING
650 _aSHOPPING VILLAGES
690 _aPROPERTY-COMMERCIAL PROPERTY-RETAIL PROPERTY
942 _n0
948 _c04/03/1997
999 _c29771
_d29771